| 000 | 00653nam a22002057a 4500 | ||
|---|---|---|---|
| 003 | 0 | ||
| 005 | 20240124093414.0 | ||
| 008 | 240124b xxu||||| |||| 00| 0 eng d | ||
| 020 | _a978-1-5297-6897-8 | ||
| 050 |
_aRT 85.5 _b .J36 2023 |
||
| 100 | _aJanes, Gillian | ||
| 245 |
_aQuality improvement in nursing _cGillian Janes |
||
| 260 |
_aLondon _bLearning Matters _cc2023. |
||
| 300 |
_axii, 202 pages ; _c25 cm. |
||
| 504 | _aIncludes bibliographical references, glossary, and index. | ||
| 650 | _aNursing--standards--Great Britain. | ||
| 650 | _aNursing--Great Britain--quality control. | ||
| 650 | _aNursing--practice. | ||
| 942 |
_2lcc _cBK |
||
| 999 |
_c365889 _d365889 |
||